|
|
|
|
| LEADER |
00785nam a2200193 a 4500 |
| 001 |
c000116315 |
| 003 |
CARM |
| 005 |
20000217125657.0 |
| 008 |
990706s1975 it a 000 1 ita d |
| 019 |
1 |
|
|a 20203551
|5 LACONCORD2021
|
| 035 |
|
|
|a (OCoLC)222579191
|5 LACONCORD2021
|
| 040 |
|
|
|a VSWT
|b eng
|
| 245 |
0 |
3 |
|a La storia e questa :
|b libro di storia scritto dai ragazzi di terza elementare di Castelfiorentino.
|
| 260 |
|
|
|a Firenze :
|b Libreria Editrice Fiorentina,
|c 1975.
|
| 300 |
|
|
|a 143 p. :
|b ill. ;
|c 24 cm.
|
| 650 |
|
0 |
|a Children's writings, Italian.
|
| 852 |
8 |
|
|b CARM
|h A2:AK28F0
|i C03790
|p 0169616
|f BK
|
| 999 |
f |
f |
|i 66b929ab-986e-552f-bd2f-c9ddc95f7207
|s 98feae42-4393-50c1-b311-b36674449acc
|
| 952 |
f |
f |
|p Can circulate
|a CAVAL
|b CAVAL
|c CAVAL
|d CARM 1 Store
|e C03790
|f A2:AK28F0
|h Other scheme
|i book
|m 0169616
|